The noble scholar, jurist, historian


 His Excellency Dr. Abdul Wahhab bin Ibrahim Abu Sulaiman, may Allah have mercy on him.


 He was born in Umm Al-Qura in the year 1356 AH.

عقد الجواهر والدرر في أخبار القرن الحادي عشر / (Record no. 5135)

MARC details
000 -LEADER
fixed length control field 01563cam a22003251ia4500
003 - CONTROL NUMBER IDENTIFIER
control field SA-RiAUC
005 - DATE AND TIME OF LATEST TRANSACTION
control field 20250123074738.0
008 - FIXED-LENGTH DATA ELEMENTS--GENERAL INFORMATION
fixed length control field 250123s2014 su g b f00010cara c
020 ## - INTERNATIONAL STANDARD BOOK NUMBER
International Standard Book Number 9786038032404
020 ## - INTERNATIONAL STANDARD BOOK NUMBER
International Standard Book Number 9786038032428
040 ## - CATALOGING SOURCE
Original cataloging agency SA-JuJU
Language of cataloging ara
Transcribing agency SA-RiAUC
Description conventions rda
043 ## - GEOGRAPHIC AREA CODE
Geographic area code a-ye---
082 04 - DEWEY DECIMAL CLASSIFICATION NUMBER
Classification number 920.0532
Assigning agency SA-RiAUC
090 ## - LOCALLY ASSIGNED LC-TYPE CALL NUMBER (OCLC); LOCAL CALL NUMBER (RLIN)
Classification number (OCLC) (R) ; Classification number, CALL (RLIN) (NR) 920.0532
Local cutter number (OCLC) ; Book number/undivided call number, CALL (RLIN) ش ل ي
100 1# - MAIN ENTRY--PERSONAL NAME
Personal name الشلي، محمد بن أبي بكر بن أحمد،
Dates associated with a name 1030-1093 هجري
Relator term مؤلف.
245 10 - TITLE STATEMENT
Title عقد الجواهر والدرر في أخبار القرن الحادي عشر /
Statement of responsibility, etc. تأليف محمد بن أبي بكر الشلي الحضرمي المكي ؛ دراسة وتحقيق عبد الرحمن بن سليمان المزيني، راشد بن سعد القحطاني.
250 ## - EDITION STATEMENT
Edition statement الطبعة الأولى.
264 #1 - PRODUCTION, PUBLICATION, DISTRIBUTION, MANUFACTURE, AND COPYRIGHT NOTICE
Place of production, publication, distribution, manufacture الرياض :
Name of producer, publisher, distributor, manufacturer مركز الملك فيصل للبحوث والدراسات الإسلامية،
Date of production, publication, distribution, manufacture, or copyright notice 2014
300 ## - PHYSICAL DESCRIPTION
Extent 2 مجلد ؛
Dimensions 30 سم.
336 ## - CONTENT TYPE
Content type term نص
Content type code txt
Source rdacontent
Materials specified كتاب
337 ## - MEDIA TYPE
Media type term بدون وسيط
Media type code n
Source rdamedia
338 ## - CARRIER TYPE
Carrier type term مجلد
Carrier type code nc
Source rdacarrier
490 0# - SERIES STATEMENT
Series statement تحقيق التراث ؛
Volume/sequential designation 22
504 ## - BIBLIOGRAPHY, ETC. NOTE
Bibliography, etc. note يشتمل على إرجاعات ببليوجرافية.
651 #7 - SUBJECT ADDED ENTRY--GEOGRAPHIC NAME
Geographic name اليمن
Chronological subdivision قرن 17
Form subdivision تراجم
Source of heading or term aucsh
700 1# - ADDED ENTRY--PERSONAL NAME
Personal name المزيني، عبد الرحمن بن سليمان بشيش،
Dates associated with a name 1373 هجري-
Relator term محقق.
700 1# - ADDED ENTRY--PERSONAL NAME
Personal name القحطاني، راشد بن سعد بن راشد،
Dates associated with a name 1372 هجري-
Relator term محقق.
942 ## - ADDED ENTRY ELEMENTS (KOHA)
Source of classification or shelving scheme Dewey Decimal Classification
Koha item type Books
Suppress in OPAC No
949 ## - LOCAL PROCESSING INFORMATION (OCLC)
a SA-JeALM
d 250123
u eid123
n 1
Holdings
Withdrawn status Lost status Source of classification or shelving scheme Materials specified (bound volume or other part) Damaged status Not for loan Home library Current library Date acquired Total checkouts Full call number Barcode Date last seen Price effective from Koha item type
    Dewey Decimal Classification الجزء الاول     DR AbdElwahab Library DR AbdElwahab Library 01/23/2025   920.0532 ش ل ي 000008249 01/23/2025 01/23/2025 Books
    Dewey Decimal Classification الجزء الثاني     DR AbdElwahab Library DR AbdElwahab Library 01/23/2025   920.0532 ش ل ي 000008250 01/23/2025 01/23/2025 Books